CCE Manual Science-X (Record no. 2146)

MARC details
000 -LEADER
fixed length control field 00226nam a22000857a 4500
008 - FIXED-LENGTH DATA ELEMENTS--GENERAL INFORMATION
fixed length control field 160708b xxu||||| |||| 00| 0 eng d
100 ## - MAIN ENTRY--PERSONAL NAME
9 (RLIN) 2479
Personal name Verma R
245 ## - TITLE STATEMENT
Title CCE Manual Science-X
260 ## - PUBLICATION, DISTRIBUTION, ETC. (IMPRINT)
Place of publication, distribution, etc. New Delhi
Name of publisher, distributor, etc. S.Chand Publication
Date of publication, distribution, etc. 2011
Holdings
Withdrawn status Lost status Source of classification or shelving scheme Damaged status Not for loan Home library Current library Shelving location Date acquired Total Checkouts Full call number Barcode Date last seen Price effective from Koha item type Total Renewals Date last checked out
    Dewey Decimal Classification     Good Samaritan School Library Good Samaritan School Library   07/08/2016   500 VER9421 07/08/2016 07/08/2016 BOOK    
    Dewey Decimal Classification     Good Samaritan School Library Good Samaritan School Library   07/08/2016 6 500 VER9422 05/04/2023 07/08/2016 BOOK 1 05/04/2023

Powered by Koha